000 nam a22 7a 4500
999 _c127499
_d127499
008 180125b xxu||||| |||| 00| 0 eng d
020 _a9782204029865
050 _aBT701.2
_b.N
100 _aNellas, Panayotis
_938878
245 _aLe vivant divinise
_bl'anthropologie des Peres de l'eglise
_cPanayotis Nellas
260 _aParis
_bLes Editions Du Cerf
_c1989
300 _a249p. ;
_c24cm.
440 _aTheologies
_938866
650 _aMan (Christianity)
_938879
650 _aAnthropology, Christianity
_938880
650 _aFathers of the Church
_xHistory of doctrines
_938881
700 _aJean-Louis Palierne (tr.)
_938882
942 _2lcc
_cMONOGRAPH